| 000 | 00588nam a22001577a 4500 | ||
|---|---|---|---|
| 008 | 170309b xxu||||| |||| 00| 0 eng d | ||
| 082 |
_22016 _aUT 0693 _bT14 |
||
| 100 |
_919255 _aTalinggas, Glovelyn G. |
||
| 245 |
_aAssessment of MCQS of Mathematics Subjects in UM Digos College. _cGlovelyn G Talinggas, Khym B. Alfante and Marlon C. Cabungcal. |
||
| 300 |
_a67 pages; _b29 cm. |
||
| 650 | 0 |
_919256 _aEducation _vMathematics _xUndergraduate Thesis. |
|
| 700 |
_919257 _aTalinggas, Glovelyn G. |
||
| 700 |
_919258 _aAlfante, Khym B. |
||
| 700 |
_919259 _aCabungcal, Marlon C. |
||
| 942 |
_2ddc _cUT |
||
| 999 |
_c6387 _d6387 |
||